Flags of Separatist Movements in China - Statistics

General Stats
  • This quiz has been taken 54 times
  • The average score is 5 of 15
Answer Stats
Picture Hint Answer % Correct
Autonomous island that was colonised by the British Hong Kong
95%
Autonomous island that was colonised by the Portuguese Macau
93%
Home to the Dalai Lama Tibet
93%
Almost achieved independence during WWII Manchuria
75%
Turkic Muslims being persecuted in concentration camps East Turkestan
70%
Descendants of Nanzhao Yunnan
33%
Home to the biggest city in the world Cantonia
18%
Region in the middle of China Basuria
10%
Province located in Southeast China Hokkienam
8%
Jiangxi Province Komland
8%
Wants unification with Mongolia Southern Mongolia
8%
Culturally similar to Vietnam Dai Zhuang
5%
Capital city is Shanghai Goetsu
5%
Native inhabitants of the Yangtze River Hmong ChaoFa
5%
Homeland for Chinese Muslims Tunganistan
5%
No matching quizzes found
Score Distribution
Percent of People with Each Score
Percentile by Number Answered
Your Score History
You have not taken this quiz